00695nam a2200193Ia 4500952014800000999001700148003000400165005001700169008004100186020001800227040000900245082001800254100002100272245009800293260004700391300000900438650001200447942004200459 00102ddc40708PHYSICSaMESbMEScPHYd2019-02-20g595.00l5m2o530.12 KUI/Fp38476r2022-09-13 00:00:00s2022-09-02w2019-02-20yBKzGL11R3 c34638d34638OSt20200824114455.0190216s9999||||xx |||||||||||||| ||und|| a9788187134794 coclc a530.12bKUI/F aKuila, S P94308 0aFundamentals Of Quantum Mechanics, Statistical Mechanics and Solid State Physics /cS P Kuila bBooks And Allied Pvt Ltd,c2012.aKolkata: a976p aPhysics cBK2ddch530.12iKUI/Fk530.12mKUI/F